[Event "IECC TH-T email"]
[Site "IECC email"]
[Date "2001.05.10"]
[Round "?"]
[White "Flor Trejo, Remigio Francisco"]
[Black "Hernandes Sanchez, Rogelio"]
[Result "1-0"]
[WhiteElo "2098"]
[BlackElo "2068"]
[PlyCount "45"]
[EventDate "2001.??.??"]
[EventType "match (corr)"]
[EventRounds "2"]
[SourceTitle "Corr 2008"]
[Source "ChessBase"]
[SourceDate "2008.06.24"]
[SourceVersion "1"]
[SourceVersionDate "2008.06.24"]
[SourceQuality "1"]

1. e4 e6 2. d4 d5 3. Nc3 Bb4 4. e5 c5 5. a3 Bxc3+ 6. bxc3 Ne7 7. Qg4 Ng6 8. h4 Qa5 9. Ne2 cxd4 10. h5 Ne7 11. Qxg7 Rg8 12. Qxh7 Rf8 13. Bd2 dxc3 14. Nxc3 Qb6 15. Nb5 f5 16. Nd6+ Kd8 17. Bg5 Qa5+ 18. Kd1 Nbc6 19. Qg7 Re8 20. h6 Qb6 21. Bd3 Qd4 22. Rb1 Kd7 23. Nxe8 1-0